000 00943nam a2200253Ia 4500
008 200830s9999||||xx |||||||||||||| ||und||
020 _a9789868146112
020 _a9868146119
041 _achi
_heng
050 _aBS2655.P73
_b.G7412 2005
100 _aGreen, Michael
245 0 _a心靈禱航:
_b與保羅同行60天 /
_c邁可·格林 (Michael Green) 著; 艾爾佩斯·泰勒 (Elspeth Taylor) 編; 譚亞菁譯
246 _a心灵祷航 :
_b与保罗同行60天/
260 _a台北:
_b真光社出版,
_c2005
300 _a263 p.
_b;
_c21 cm.
500 _aTranslation of: A prayer journey with the Apostle Paul: sixty devotions / Michael Green with Elspeth Taylor; Grand Rapids, Mich.: Zondervan, 2004.
650 _aBible. Acts Meditations.
650 _aBible. Acts.
650 _aBible. Epistles of Paul Meditations.
700 _aTaylor, Elspeth
700 _a譚亞菁
700 _a邁可·格林
999 _c22510
_d22510